000 00494nam a2200181Ia 4500
008 240925s9999 xx 000 0 und d
020 _a9789332515840
082 _a005.25 HAR
100 _aHarwani , B.M
245 0 _aAndroid Programming Unleashed
250 _aNA
260 _aNew Delhi:
_bPearson Education
_c,2013.
300 _a207p.
_b0
_fOriginal
500 _aIncludes Index
600 _aComputer Science
650 _aComputer science, information & general works
942 _cBK
999 _c12682
_d12682